Waste treatment and utilization : theory and practice of waste management : proceedings of the international symposium held at the University of Waterloo, Ontario, Canada, July 5-7, 1978 /
Guardado en:
| Autor Corporativo: | |
|---|---|
| Otros Autores: | , |
| Formato: | Libro |
| Idioma: | English |
| Publicado: |
Oxford :
Pergamon Press,
1979.
|
| Materias: | |
| Etiquetas: |
Agregar Etiqueta
Sin Etiquetas, Sea el primero en etiquetar este registro!
|
| LEADER | 01250pam a22002895a 4500 | ||
|---|---|---|---|
| 001 | EIQ.libpla002934 | ||
| 008 | 791127s1979####enka#####b####101#0#eng#d | ||
| 005 | 20070919182750.0 | ||
| 245 | 1 | 0 | |a Waste treatment and utilization : |b theory and practice of waste management : proceedings of the international symposium held at the University of Waterloo, Ontario, Canada, July 5-7, 1978 / |c edited by Murray Moo-Young and Grahame J. Farquhar. |
| 260 | |a Oxford : |b Pergamon Press, |c 1979. | ||
| 300 | |a vii, 565 p. : |b il. ; |c 26 cm. | ||
| 504 | |a Incluye referencias bibliográficas e índices. | ||
| 111 | 2 | |a International Symposium on Waste Treatment and utilization |d (1978 : |c Ontario, Canada) | |
| 700 | 1 | |a Moo-Young, Murray., |e ed. |4 edt | |
| 700 | 1 | |a Farquhar, Grahame J., |e ed. |4 edt | |
| 082 | 0 | 0 | |a 628.5 |
| 650 | 4 | |a Aguas residuales |x Congresos. | |
| 650 | 4 | |a Aguas residuales |x Purificación. | |
| 650 | 4 | |a Residuos |x Congresos. | |
| 650 | 4 | |a Resiclado (Basura, etc.) |x Congresos. | |
| 650 | 4 | |a Sewage |x Congresses. | |
| 650 | 4 | |a Sewage |x Purification. | |
| 650 | 0 | |a Waste products |x Congresses. | |
| 650 | 0 | |a Recycling (Waste, etc.) |x Congresses. | |
| 010 | |a 79042867 | ||
| 040 | |a DLC |c DLC |d AR-BbSID | ||
| 859 | |a AR-BbSID |b BIB. PLAPIQUI |h 628.44 |i In 8 |p 837 | ||
